| 000 | 01040nac a22002891i 4500 | ||
|---|---|---|---|
| 003 | EG-ScBUE | ||
| 005 | 20240310141405.0 | ||
| 008 | 240310s2002 e ab f b 001 0 eng d | ||
| 020 | _a0631207015 (acid-free paper) | ||
| 020 | _a063120704X (pbk. : acid-free paper) | ||
| 040 |
_aEG-ScBUE _beng _erda _cEG-ScBUE _dEG-ScBUE |
||
| 043 | _ae------ | ||
| 082 | 0 | 4 |
_a940.2 _bPET _222 |
| 100 | 1 |
_aPettegree, Andrew, _eauthor. |
|
| 245 | 1 | 0 |
_aEurope in the sixteenth century / _cAndrew Pettegree. |
| 264 | 1 |
_aOxford ; _aMalden, Massachusctts : _bBlackwell, _c2002. |
|
| 300 |
_aix, 380 pages : _billustrations, maps ; _c24 cm |
||
| 336 |
_2rdacontent _atext _btxt |
||
| 337 |
_aunmediated _2rdamedia _bn |
||
| 338 |
_avolume _bnc _2rdacarrier |
||
| 504 | _aIncludes bibliographical references and index. | ||
| 650 | 7 |
_aEurope _xHistory _y1492-1648. _2BUEsh |
|
| 651 | 7 |
_aEurope _xHistory _y1492-1648. _2BUEsh |
|
| 655 | _vReading book | ||
| 856 | 4 | 1 |
_3Table of contents _uhttp://www.loc.gov/catdir/toc/fy036/2001001821.html |
| 942 |
_cBB _2ddc |
||
| 999 |
_c8316 _d8316 |
||